Les prénoms de la génération Z - Statistiques

Statistiques générales
  • Ce quiz a été pris 246 fois
  • Le résultat moyen est 22 sur 60
Statistiques - réponses
Hint Réponse % Correct
1 Léa
77%
20 Léo
68%
5 Emma
67%
14 Louis
65%
13 Julie
63%
7 Marie
59%
18 Paul
59%
4 Chloé
58%
2 Lucas
57%
3 Camille
49%
24 Louise
49%
2 Manon
49%
1 Thomas
47%
22 Tom
46%
4 Hugo
43%
22 Juliette
43%
26 Pierre
43%
5 Théo
43%
9 Clara
41%
12 Inès
40%
23 Charlotte
39%
21 Lisa
39%
25 Lola
39%
6 Sarah
39%
18 Jade
38%
10 Laura
38%
16 Lucie
38%
3 Maxime
38%
20 Éva
37%
15 Romain
37%
27 Romane
37%
6 Alexandre
36%
7 Enzo
36%
17 Julien
35%
19 Mathis
35%
23 Arthur
34%
10 Clément
34%
29 Kévin
34%
12 Nathan
32%
8 Antoine
31%
15 Pauline
30%
13 Alexis
29%
24 Baptiste
28%
11 Nicolas
26%
9 Quentin
26%
16 Valentin
26%
11 Anaïs
25%
29 Émilie
25%
14 Mathilde
25%
28 Axel
24%
17 Marine
24%
26 Marion
24%
8 Océane
23%
27 Benjamin
21%
19 Justine
17%
30 Anthony
16%
21 Dylan
15%
30 Maéva
13%
25 Florian
10%
28 Morgane
10%
Aucun quiz correspondant
Distribution des résultats
% des personnes avec chaque résultat
Percentile par nombre de réponses
Votre historique - résultats
Vous n’avez pas pris ce quiz